000 00475nam a22001217a 4500
999 _c21336
_d21336
008 240905b ||||| |||| 00| 0 eng d
100 _aFerrer, Bing Bong C.
_eauthor.
_960210
245 _aLinguistic imperialism in teaching :
_bis it a boon or a bane? /
_cBing Bong C. Ferrer.
260 _aPhilippines;
_bPublishers Association of the Philippines, Inc.,
_cJuly 2019.
300 _aVolume 168, pages 50.
700 _aFerrer, Bing Bong C.
_eauthor.
_960210
942 _2ddc
_cPER